Hướng dẫn thực hành kế toán doanh nghiệp kế toán thuế giá trị gia tăng sơ đồ hạch toán kế toán

Kế toán doanh nghiệp, kế toán thuế giá trị gia tăng và thuế thu nhập doanh nghiệp, hệ thống các sơ đồ kế toán doanh nghiệp, giới thiệu các văn bản pháp luật về thuế giá trị gia tăng và thuế thu nhập doanh nghiệp....

詳細記述

保存先:
書誌詳細
第一著者: Võ, Văn Nhị
フォーマット: 図書
言語:Undetermined
出版事項: Hà Nội Thống Kê 2002
主題:
タグ: タグ追加
タグなし, このレコードへの初めてのタグを付けませんか!
Thư viện lưu trữ: Trung tâm Học liệu Trường Đại học Cần Thơ
LEADER 00952nam a2200193Ia 4500
001 CTU_155752
008 210402s9999 xx 000 0 und d
082 |a 657 
082 |b Nh300 
100 |a Võ, Văn Nhị 
245 0 |a Hướng dẫn thực hành kế toán doanh nghiệp kế toán thuế giá trị gia tăng sơ đồ hạch toán kế toán 
245 0 |c Võ Văn Nhị 
260 |a Hà Nội 
260 |b Thống Kê 
260 |c 2002 
520 |a Kế toán doanh nghiệp, kế toán thuế giá trị gia tăng và thuế thu nhập doanh nghiệp, hệ thống các sơ đồ kế toán doanh nghiệp, giới thiệu các văn bản pháp luật về thuế giá trị gia tăng và thuế thu nhập doanh nghiệp. 
650 |a Accounting,Kế toán 
904 |i QHieu 
980 |a Trung tâm Học liệu Trường Đại học Cần Thơ